Toutes les communes du Nord sur une carte - Statistiques

Statistiques générales
  • Ce quiz a été pris 3 299 fois
    1 568 depuis la dernière actualisation
  • Le résultat moyen est 85 sur 647
Réponses sur la Carte
Les réponses sont colorées sur une échelle allant du rouge au vert en fonction du pourcentage des utilisateurs qui les ont devinées à leur premier essai. Vous pouvez retrouver ces pourcentages ci-dessous.
 
Statistiques - réponses
Commune Population % Correct
Lille 238 695
97%
Dunkerque 87 013
90%
Roubaix 99 507
88%
Tourcoing 99 160
87%
Valenciennes 42 979
82%
Villeneuve-d'Ascq 62 342
78%
Sin-le-Noble 15 916
75%
Douai 39 833
71%
La Chapelle-d'Armentières 8 782
66%
Armentières 26 107
64%
Maubeuge 28 879
64%
Marcq-en-Barœul 39 943
63%
Marcq-en-Ostrevent 751
63%
Cambrai 31 568
62%
Mons-en-Barœul 21 368
53%
Mons-en-Pévèle 2 077
53%
Hazebrouck 21 785
52%
Croix 20 956
51%
Croix-Caluyau 237
51%
Loos 22 948
50%
Lambersart 27 105
48%
Wasquehal 20 674
48%
La Madeleine 22 161
47%
Lesquin 9 356
46%
Seclin 13 011
46%
Wattrelos 40 881
46%
Bray-Dunes 4 284
45%
Saint-Amand-les-Eaux 16 042
45%
Gravelines 11 451
42%
Hem 18 579
42%
Hem-Lenglet 552
42%
Bailleul 14 734
41%
Denain 20 622
41%
Grande-Synthe 20 347
40%
Orchies 8 390
40%
Ronchin 19 436
40%
Le Quesnoy 4 859
38%
Saint-André-lez-Lille 12 909
38%
Téteghem-Coudekerque-Village 8 272
38%
Fourmies 11 528
37%
Neuville-Saint-Rémy 3 909
37%
Bergues 3 543
36%
Coudekerque-Branche 20 833
36%
La Neuville 606
36%
Roncq 13 873
36%
Avesnes-les-Aubert 3 584
35%
Avesnes-le-Sec 1 453
35%
Avesnes-sur-Helpe 4 088
35%
Bondues 9 666
35%
Neuville-en-Avesnois 303
35%
Neuville-en-Ferrain 10 125
35%
Neuville-sur-Escaut 2 759
35%
Faches-Thumesnil 18 310
34%
Halluin 20 684
34%
Wambrechies 10 984
34%
Wattignies 15 756
34%
Wattignies-la-Victoire 240
34%
Comines 12 649
33%
Marquette-en-Ostrevant 1 953
33%
Marquette-lez-Lille 11 709
33%
Cassel 2 212
32%
Aulnoye-Aymeries 8 674
31%
Aulnoy-lez-Valenciennes 7 125
31%
Haubourdin 14 922
31%
Templeuve-en-Pévèle 6 979
30%
Lys-lez-Lannoy 13 987
29%
Steene 1 385
29%
Loon-Plage 5 995
28%
Louvignies-Quesnoy 903
28%
Mouvaux 13 239
28%
Somain 11 902
28%
Sommaing 398
28%
Anzin 13 417
27%
Capelle 136
27%
Cappelle-Brouck 1 157
27%
Cappelle-en-Pévèle 2 259
27%
Cappelle-la-Grande 7 865
27%
Caudry 14 032
27%
Sains-du-Nord 2 766
27%
Élesmes 1 002
26%
Hélesmes 1 905
26%
Nieppe 7 685
26%
Leers 9 555
25%
Saint-Jans-Cappel 1 609
25%
Zuydcoote 1 608
25%
Englos 616
24%
Fretin 3 221
24%
Le Cateau-Cambrésis 6 846
24%
Pérenchies 8 487
24%
Quesnoy-sur-Deûle 6 863
24%
Sainghin-en-Mélantois 2 844
24%
Sainghin-en-Weppes 5 663
24%
Hon-Hergies 879
23%
Jeumont 10 273
23%
Maroilles 1 445
23%
Phalempin 4 863
23%
Cysoing 4 717
22%
Linselles 8 177
22%
Marly 11 980
22%
Merville 9 729
22%
Wervicq-Sud 5 446
22%
Baisieux 5 361
21%
La Bassée 6 678
21%
Leffrinckoucke 4 101
21%
Lezennes 2 966
21%
Marchiennes 4 506
21%
Raismes 12 140
21%
Steenvoorde 4 308
21%
Camphin-en-Carembault 1 725
20%
Camphin-en-Pévèle 2 506
20%
Condé-sur-l'Escaut 9 297
20%
Hautmont 14 197
20%
Lannoy 1 791
20%
Saint-Pierre-Brouck 983
20%
Wallers 5 618
20%
Wallers-en-Fagne 274
20%
Wormhout 5 645
20%
Annœullin 10 887
19%
Sailly-lez-Cambrai 416
19%
Sailly-lez-Lannoy 1 936
19%
Santes 5 656
19%
Sequedin 4 722
19%
Wavrin 7 777
19%
Bousbecque 4 956
18%
Bouvines 766
18%
Douchy-les-Mines 10 112
18%
Estaires 6 551
18%
Grand-Fort-Philippe 4 901
18%
Houplin-Ancoisne 3 301
18%
Petite-Forêt 5 058
18%
Sainte-Marie-Cappel 835
18%
Verlinghem 2 678
18%
Allennes-les-Marais 3 549
17%
Auby 7 171
17%
Bavay 3 240
17%
Bruay-sur-l'Escaut 11 584
17%
Deûlémont 1 801
17%
Erquinghem-le-Sec 624
17%
Erquinghem-Lys 5 349
17%
Flers-en-Escrebieux 5 533
17%
Forest-en-Cambrésis 558
17%
Forest-sur-Marque 1 660
17%
Genech 2 811
17%
Ghyvelde 4 126
17%
Hallennes-lez-Haubourdin 4 739
17%
Locquignol 297
17%
Noyelles-lès-Seclin 839
17%
Noyelles-sur-Escaut 815
17%
Noyelles-sur-Sambre 282
17%
Noyelles-sur-Selle 661
17%
Solesmes 4 193
17%
Steenwerck 3 474
17%
Templemars 3 630
17%
Aniche 10 001
16%
Bourbourg 6 958
16%
Don 1 401
16%
Hondschoote 4 010
16%
La Gorgue 5 553
16%
Montigny-en-Cambrésis 552
16%
Montigny-en-Ostrevent 4 588
16%
Saint-Saulve 11 121
16%
Villers-au-Tertre 670
16%
Villers-en-Cauchies 1 148
16%
Villers-Guislain 682
16%
Villers-Outréaux 2 137
16%
Villers-Plouich 389
16%
Villers-Pol 1 230
16%
Villers-Sire-Nicole 1 008
16%
Waziers 7 312
16%
Capinghem 2 601
15%
Chéreng 3 040
15%
Feignies 6 727
15%
Flines-lès-Mortagne 1 667
15%
Flines-lez-Raches 5 677
15%
Ostricourt 6 014
15%
Pont-à-Marcq 3 054
15%
Vieux-Condé 10 455
15%
Anstaing 1 643
14%
Ennetières-en-Weppes 1 288
14%
Escaudain 9 060
14%
Esquelbecq 2 143
14%
Lompret 2 170
14%
Louvroil 6 334
14%
Mérignies 3 476
14%
Onnaing 8 567
14%
Péronne-en-Mélantois 1 001
14%
Provin 4 456
14%
Quiévrechain 6 078
14%
Salomé 3 116
14%
Toufflers 3 945
14%
Trith-Saint-Léger 6 062
14%
Warneton 233
14%
Anor 3 152
13%
Auchy-lez-Orchies 1 542
13%
Avelin 2 575
13%
Bauvin 5 124
13%
Beaucamps-Ligny 845
13%
Beuvry-la-Forêt 2 852
13%
Boulogne-sur-Helpe 294
13%
Frelinghien 2 617
13%
Gondecourt 4 099
13%
Houplines 7 907
13%
Lambres-lez-Douai 4 902
13%
Landas 2 482
13%
Lewarde 2 388
13%
Pecquencourt 6 160
13%
Ruesnes 452
13%
Saint-Martin-sur-Écaillon 492
13%
Aix-en-Pévèle 1 348
12%
Arnèke 1 557
12%
Aubers 1 746
12%
Bersée 2 289
12%
Boeschepe 2 212
12%
Bois-Grenier 1 784
12%
Bouchain 4 054
12%
Cuincy 6 499
12%
Dechy 5 343
12%
Illies 1 688
12%
Jenlain 1 137
12%
Landrecies 3 414
12%
Nomain 2 618
12%
Radinghem-en-Weppes 1 404
12%
Rosult 1 997
12%
Saint-Georges-sur-l'Aa 289
12%
Sars-et-Rosières 613
12%
Sars-Poteries 1 411
12%
Vieux-Berquin 2 641
12%
Willems 2 969
12%
Bruille-lez-Marchiennes 1 345
11%
Bruille-Saint-Amand 1 693
11%
Caëstre 1 979
11%
Coutiches 3 341
11%
Crespin 4 541
11%
Emmerin 3 026
11%
Ennevelin 2 417
11%
Fenain 5 533
11%
Fournes-en-Weppes 2 167
11%
Fresnes-sur-Escaut 7 473
11%
Fromelles 1 133
11%
Godewaersvelde 2 037
11%
Hérin 4 176
11%
Herlies 2 288
11%
Herrin 426
11%
Herzeele 1 627
11%
Lallaing 6 212
11%
La Sentinelle 3 140
11%
Limont-Fontaine 532
11%
L'Orée de Mormal 609
11%
Maing 3 970
11%
Méteren 2 230
11%
Morbecque 2 538
11%
Neuf-Berquin 1 422
11%
Prémesques 2 029
11%
Socx 873
11%
Uxem 1 524
11%
Wasnes-au-Bac 596
11%
Watten 2 567
11%
Abscon 4 160
10%
Arleux 3 148
10%
Armbouts-Cappel 2 097
10%
Attiches 2 241
10%
Bachy 1 890
10%
Beuvrages 6 791
10%
Bouvignies 1 564
10%
Escaudœuvres 3 180
10%
Famars 2 459
10%
Fontaine-au-Bois 691
10%
Fontaine-au-Pire 1 209
10%
Fontaine-Notre-Dame 1 759
10%
Gruson 1 223
10%
Hasnon 3 853
10%
Hornaing 3 522
10%
Iwuy 3 335
10%
Killem 1 172
10%
Lecelles 3 048
10%
Le Doulieu 1 445
10%
Le Maisnil 628
10%
Marquillies 1 971
10%
Masny 4 028
10%
Mouchin 1 466
10%
Râches 2 644
10%
Rexpoëde 1 984
10%
Saint-Sylvestre-Cappel 1 151
10%
Sebourg 1 972
10%
Strazeele 944
10%
Thumeries 4 102
10%
Trélon 2 642
10%
Wahagnies 2 596
10%
Auberchicourt 4 626
9%
Avesnelles 2 254
9%
Bavinchove 1 046
9%
Berlaimont 3 169
9%
Busigny 2 437
9%
Carnin 1 097
9%
Eecke 1 215
9%
Eppe-Sauvage 229
9%
Erre 1 576
9%
Escautpont 4 174
9%
Flêtre 946
9%
Hoymille 3 206
9%
Lourches 3 756
9%
Monchaux-sur-Écaillon 583
9%
Moncheaux 1 683
9%
Poix-du-Nord 2 156
9%
Pont-sur-Sambre 2 387
9%
Prouvy 2 202
9%
Raimbeaucourt 4 012
9%
Renescure 2 130
9%
Roost-Warendin 5 966
9%
Saméon 1 722
9%
Spycker 1 725
9%
Thiant 2 963
9%
Tressin 1 390
9%
Vendegies-au-Bois 479
9%
Vendegies-sur-Écaillon 1 123
9%
Vendeville 1 615
9%
Wallon-Cappel 798
9%
Aubigny-au-Bac 1 167
8%
Berthen 618
8%
Bierne 1 744
8%
Blaringhem 2 046
8%
Bollezeele 1 425
8%
Bourghelles 1 678
8%
Bousignies 344
8%
Bousignies-sur-Roc 374
8%
Bry 400
8%
Cantaing-sur-Escaut 408
8%
Cantin 1 755
8%
Craywick 770
8%
Écaillon 1 883
8%
Escobecques 303
8%
Faumont 2 255
8%
Férin 1 441
8%
Ferrière-la-Grande 5 167
8%
Ferrière-la-Petite 1 043
8%
Hantay 1 249
8%
Haverskerque 1 385
8%
Hergnies 4 471
8%
Hondeghem 915
8%
La Longueville 2 061
8%
Les Rues-des-Vignes 740
8%
Merris 1 078
8%
Mortagne-du-Nord 1 581
8%
Noordpeene 812
8%
Oost-Cappel 468
8%
Ors 639
8%
Pitgam 992
8%
Proville 3 167
8%
Quaëdypre 1 122
8%
Quarouble 3 141
8%
Saint-Hilaire-lez-Cambrai 1 557
8%
Saint-Hilaire-sur-Helpe 767
8%
Saint-Vaast-en-Cambrésis 855
8%
Saint-Waast 672
8%
Saultain 2 526
8%
Solre-le-Château 1 790
8%
Terdeghem 518
8%
Thun-l'Évêque 777
8%
Thun-Saint-Amand 1 102
8%
Thun-Saint-Martin 542
8%
Vred 1 311
8%
Wargnies-le-Grand 1 113
8%
Wargnies-le-Petit 774
8%
Wicres 562
8%
Winnezeele 1 280
8%
Zuytpeene 542
8%
Artres 1 073
7%
Aubry-du-Hainaut 1 715
7%
Bambecque 842
7%
Bellaing 1 315
7%
Borre 564
7%
Bousies 1 770
7%
Brillon 764
7%
Brouckerque 1 454
7%
Chemy 773
7%
Cousolre 2 160
7%
Ebblinghem 658
7%
Englefontaine 1 290
7%
Eth 334
7%
Gommegnies 2 272
7%
Haspres 2 632
7%
Haveluy 3 224
7%
Hordain 1 448
7%
Houtkerque 982
7%
Lauwin-Planque 1 593
7%
Louvil 902
7%
Millam 843
7%
Nivelle 1 393
7%
Pradelles 404
7%
Préseau 2 083
7%
Rieulay 1 226
7%
Rœulx 3 767
7%
Rouvignies 658
7%
Rumegies 1 738
7%
Saint-Python 985
7%
Saint-Remy-Chaussée 473
7%
Saint-Remy-du-Nord 1 057
7%
Saulzoir 1 685
7%
Staple 715
7%
Steenbecque 1 626
7%
Taisnières-en-Thiérache 476
7%
Taisnières-sur-Hon 960
7%
Tilloy-lez-Cambrai 695
7%
Tilloy-lez-Marchiennes 538
7%
Vicq 1 472
7%
Wannehain 1 332
7%
Warhem 2 035
7%
West-Cappel 640
7%
Zegerscappel 1 549
7%
Beaumont-en-Cambrésis 457
6%
Beauvois-en-Cambrésis 1 948
6%
Bertry 2 138
6%
Bissezeele 242
6%
Château-l'Abbaye 886
6%
Cobrieux 553
6%
Crochte 658
6%
Curgies 1 351
6%
Émerchicourt 813
6%
Estreux 945
6%
Féchain 1 654
6%
Felleries 1 459
6%
Guesnain 4 645
6%
Hardifort 389
6%
Haulchin 2 307
6%
Haussy 1 472
6%
Jolimetz 860
6%
Lederzeele 705
6%
Ledringhem 618
6%
Leval 2 483
6%
Lieu-Saint-Amand 1 464
6%
Looberghe 1 217
6%
Lynde 782
6%
Maulde 955
6%
Millonfosse 708
6%
Monchecourt 2 488
6%
Neuf-Mesnil 1 296
6%
Odomez 936
6%
Oisy 695
6%
Orsinval 560
6%
Oudezeele 690
6%
Oxelaëre 533
6%
Preux-au-Bois 839
6%
Preux-au-Sart 302
6%
Quérénaing 863
6%
Raillencourt-Sainte-Olle 2 104
6%
Rombies-et-Marchipont 745
6%
Villereau 1 062
6%
Wandignies-Hamage 1 310
6%
Wavrechain-sous-Denain 1 606
6%
Wavrechain-sous-Faulx 432
6%
Anhiers 895
5%
Awoingt 773
5%
Bas-Lieu 344
5%
Beaudignies 572
5%
Bellignies 810
5%
Bermerain 778
5%
Boëseghem 738
5%
Boussois 3 139
5%
Briastre 695
5%
Bugnicourt 1 084
5%
Cartignies 1 234
5%
Courchelettes 2 868
5%
Crèvecœur-sur-l'Escaut 717
5%
Drincham 282
5%
Escarmain 478
5%
Esquerchin 902
5%
Estrées 1 121
5%
Étrœungt 1 255
5%
Glageon 1 732
5%
Gognies-Chaussée 725
5%
Gouzeaucourt 1 434
5%
Grand-Fayt 471
5%
Gussignies 354
5%
Haut-Lieu 374
5%
Hecq 352
5%
Houdain-lez-Bavay 902
5%
La Flamengrie 433
5%
Lécluse 1 355
5%
Liessies 529
5%
Ligny-en-Cambrésis 1 874
5%
Loffre 717
5%
Marcoing 1 865
5%
Maresches 806
5%
Marpent 2 649
5%
Mastaing 900
5%
Mecquignies 697
5%
Naves 623
5%
Neuvilly 1 091
5%
Obies 655
5%
Ohain 1 185
5%
Petit-Fayt 286
5%
Pommereuil 779
5%
Potelle 440
5%
Quiévy 1 800
5%
Recquignies 2 379
5%
Rieux-en-Cambrésis 1 432
5%
Rousies 4 016
5%
Rubrouck 915
5%
Saint-Aubert 1 563
5%
Saint-Aubin 338
5%
Saint-Aybert 331
5%
Saint-Momelin 420
5%
Sepmeries 645
5%
Sercus 489
5%
Thivencelle 820
5%
Tourmignies 950
5%
Verchain-Maugré 1 103
5%
Viesly 1 364
5%
Warlaing 599
5%
Wignehies 2 813
5%
Wylder 301
5%
Abancourt 450
4%
Assevent 1 782
4%
Aubencheul-au-Bac 535
4%
Bachant 2 246
4%
Bazuel 549
4%
Beaufort 1 008
4%
Broxeele 411
4%
Buysscheure 580
4%
Carnières 987
4%
Catillon-sur-Sambre 783
4%
Cauroir 575
4%
Cerfontaine 667
4%
Colleret 1 551
4%
Dompierre-sur-Helpe 837
4%
Dourlers 537
4%
Eringhem 469
4%
Esnes 673
4%
Estourmel 470
4%
Féron 509
4%
Frasnoy 384
4%
Fressain 906
4%
Gœulzin 1 044
4%
Hargnies 613
4%
Holque 855
4%
Inchy 627
4%
Le Favril 504
4%
Mairieux 698
4%
Marbaix 468
4%
Merckeghem 609
4%
Monceau-Saint-Waast 423
4%
Montrécourt 227
4%
Nieurlet 906
4%
Prisches 1 046
4%
Robersart 208
4%
Romeries 480
4%
Saint-Souplet 1 197
4%
Salesches 328
4%
Sémeries 527
4%
Thiennes 918
4%
Vertain 524
4%
Vieux-Mesnil 637
4%
Volckerinckhove 567
4%
Wemaers-Cappel 229
4%
Willies 128
4%
Wulverdinghe 332
4%
Zermezeele 245
4%
Aibes 357
3%
Anneux 256
3%
Audignies 364
3%
Baives 161
3%
Banteux 343
3%
Bantouzelle 443
3%
Beaurain 233
3%
Beaurepaire-sur-Sambre 277
3%
Beaurieux 167
3%
Béthencourt 697
3%
Bettignies 355
3%
Bettrechies 254
3%
Beugnies 608
3%
Boursies 376
3%
Boussières-en-Cambrésis 450
3%
Boussières-sur-Sambre 517
3%
Brunémont 711
3%
Cagnoncles 662
3%
Cattenières 687
3%
Choisies 44
3%
Clairfayts 361
3%
Clary 1 087
3%
Damousies 205
3%
Dehéries 42
3%
Dimechaux 327
3%
Dimont 296
3%
Doignies 323
3%
Erchin 674
3%
Estrun 721
3%
Flaumont-Waudrechies 345
3%
Floursies 127
3%
Floyon 508
3%
Fressies 573
3%
Ghissignies 501
3%
Hamel 786
3%
Honnechy 558
3%
Honnecourt-sur-Escaut 722
3%
La Groise 470
3%
Larouillies 239
3%
Lesdain 448
3%
Maretz 1 403
3%
Masnières 2 731
3%
Mœuvres 493
3%
Montay 275
3%
Moustier-en-Fagne 61
3%
Obrechies 273
3%
Ochtezeele 363
3%
Paillencourt 1 022
3%
Quiévelon 138
3%
Rainsars 194
3%
Ramousies 224
3%
Raucourt-au-Bois 152
3%
Roucourt 456
3%
Rumilly-en-Cambrésis 1 422
3%
Saint-Benin 341
3%
Sassegnies 258
3%
Semousies 229
3%
Troisvilles 808
3%
Vieux-Reng 923
3%
Walincourt-Selvigny 2 091
3%
Bantigny 499
2%
Bérelles 162
2%
Bersillies 243
2%
Bévillers 537
2%
Blécourt 309
2%
Caullery 464
2%
Cuvillers 187
2%
Eccles 92
2%
Éclaibes 265
2%
Écuélin 143
2%
Élincourt 618
2%
Flesquières 269
2%
Haucourt-en-Cambrésis 192
2%
Hestrud 299
2%
Lez-Fontaine 232
2%
Malincourt 487
2%
Maurois 405
2%
Mazinghien 279
2%
Niergnies 511
2%
Ramillies 588
2%
Rejet-de-Beaulieu 227
2%
Reumont 341
2%
Sancourt 197
2%
Séranvillers-Forenville 417
2%
Solrinnes 143
2%
Wambaix 368
2%
Eswars 360
1%
Gonnelieu 283
1%
Haynecourt 305
1%
Ribécourt-la-Tour 378
1%
Aucun quiz correspondant
Distribution des résultats
% des personnes avec chaque résultat
Percentile par nombre de réponses
Votre historique - résultats
Vous n’avez pas pris ce quiz depuis la dernière actualisation